Durabhisandhi / (Record no. 79470)

MARC details
000 -LEADER
fixed length control field 00530nam a2200193 i 4500
001 - CONTROL NUMBER
control field sa 68003422
003 - CONTROL NUMBER IDENTIFIER
control field DLC
005 - DATE AND TIME OF LATEST TRANSACTION
control field 20260227112452.0
008 - FIXED-LENGTH DATA ELEMENTS--GENERAL INFORMATION
fixed length control field 811023s1958 ii 00011 hin
010 ## - LIBRARY OF CONGRESS CONTROL NUMBER
LC control number sa 68003422 //r81
050 0# - LIBRARY OF CONGRESS CALL NUMBER
Classification number PK2098.R24
Item number D8
100 00 - MAIN ENTRY--PERSONAL NAME
Personal name Rādheśyāma Vigata.
245 10 - TITLE STATEMENT
Title Durabhisandhi /
Statement of responsibility, etc. Rādheśyāma 'Vigata'.
250 ## - EDITION STATEMENT
Edition statement 1. saṃskaraṇa.
260 0# - PUBLICATION, DISTRIBUTION, ETC.
Place of publication, distribution, etc. Vārāṇasī :
Name of publisher, distributor, etc. Hindī Pracāraka Pustakālaya,
Date of publication, distribution, etc. [1958]
300 ## - PHYSICAL DESCRIPTION
Extent 183 p. ;
Dimensions 19 cm.
500 ## - GENERAL NOTE
General note In Hindi.
500 ## - GENERAL NOTE
General note A novel.

No items available.

Powered by Koha